00397nam a2200121Ia 4500008004100000100001800041245007600059245004600135260000900181300001000190650001300200856006200213170221s9999 xx 000 0 und d aFlora Muiño aMultidimensional Competition and Corporate Disclosure (pages 298–328) cFlora Muiño and Manuel Núñez-Nickel c2014 a3 : 1 xBusiness uhttp://onlinelibrary.wiley.com/doi/10.1111/jbfa.12195/pdf